000 02294nam2a2200289 4500
001 RU\NLR\BIBL_A\011527388
005 20250626084211.0
010 _a978-5-9500780-7-1
_9100
021 _aRU
_b2017-79751
_95691
035 _a(RuMoRGB)009429065
035 _a(NLR Aleph) 011527388
090 _a12127646
_c12127646
100 _a20171116d2017 |||y0rusy50 ca
101 0 _arus
_aeng
102 _aRU
105 _aach|z|||100zy
200 0 _aВып. 2
_f[Конкурс (с открытым участием) ученических исследовательских и творческих работ "Души прекрасные порывы". Выдающиеся личности в науке, искусстве и общественной жизни, как пример служения Отечеству, 2016/2017]
210 _d2017
_aБ. м.
215 _a99 с.
_cил., портр., факс.
300 _aЧасть текста англ.
320 _aБиблиогр. в конце ст.
461 0 _1001RU\NLR\BIBL_A\011527376
_12001#$aДуши прекрасные порывы$eсборник$e[по материалам конкурсов]$fВнутригородское муниципальное образование Санкт-Петербургского муниципального округа Южно-Приморский и другие]$vВып. 2
_912127592
_cСанкт-Петербург
_d2017
_fВнутригородское муниципальное образование Санкт-Петербургского муниципального округа Южно-Приморский и другие]
_nАмирит
_oсборник : [по материалам конкурсов]
_tДуши прекрасные порывы
_vВып. 2
711 1 2 _a"Души прекрасные порывы", конкурс (с открытым участием) ученических исследовательских и творческих работ
_eСанкт-Петербург
_f2016-2017
_9578569
_3RU\NLR\AUTH\880457747
942 _cBOOK
980 _aNB